00758nam a2200169Ia 4500003000200000005001700002008004100019050002700060100003900087245014900126260009000275300003900365504004100404650004600445650005000491650004700541020250131113613.0150126s9999 xx 000 0 und d aPHS DC 190b.C352 2014 aCastillo, Maria Theresa Francesca. 2aA historical perspective of the French revolution and its propaganda in creating a revolutionary government /cMaria Theresa Francesca Castillo. aLas Piñas City, Philippines :bSouthville International School and Colleges,c2014. a29 pages :billustration ;c28 cm. aIncludes bibliographical references. aFrench Revolution, 1789-1799vPropaganda. aFrench Revolution, 1789-1799vSocial aspects. aRevolutionary governmentzFrancevHistory.